000 00888cab a2200181 4500
001 ##L134736
008 060829n2005 000 0 eng u
035 _a(Sirsi) u134736
041 0 _aeng
100 1 _aRedler, Alistair
245 0 0 _aLet there be light!
260 _c2005
490 _aRICS Business
_vNovember/December 2005
520 _aExamines how recent trends in case law are creating uncertainty for surveyors in the rights of light rules traditionally relied upon. Discusses "Midtown Ltd v City of London Real Property Co Ltd" ([2005] EWHC 33 (Ch), L128821), and suggests that commercial neighbours will need to show that they have a requirement for natural light that can only be properly safeguarded by injunction.
651 4 _aEngland and Wales
_y1543-
690 _aPROPERTY-PROPERTY MANAGEMENT-EASEMENTS-RIGHTS TO LIGHT DETERMINATION-RIGHTS TO LIGHT
942 _n0
999 _c77629
_d77629